| 000 | 00888nas a22002297a 4500 | ||
|---|---|---|---|
| 005 | 20260519161104.0 | ||
| 008 | 260519b19921999porbr|p|||||| 00| z|por d | ||
| 040 | _cBR-ViAPE | ||
| 245 | _aVida Vitória | ||
| 260 |
_aVitória _bC.M. Amorim Publicação & Cia Ltda _c1992-1999 |
||
| 300 |
_av. _bil. |
||
| 310 | _aQuinzenal | ||
| 362 | _aAno 1, n. 5 (1ª quinz. set. 1992) - ano 14, n. 249 (2ª quinz. dez. 1999). | ||
| 500 | _aDisponibilizada apenas a imagem da capa na versão digital, em virtude de restrições de direitos autorais. | ||
| 500 | _aColeção incompleta: disponíveis apenas alguns números do periódico. | ||
| 650 |
_2Política _xTurismo _xComportamento _zEspírito Santo (Brasil) |
||
| 651 |
_aEspírito Santo (Brasil) _vPeriódicos |
||
| 700 |
_aMathias, Celso _eDiretor |
||
| 710 | _aC.M. Amorim Publicação & Cia Ltda | ||
| 942 |
_2ddc _cPER _n1 |
||
| 999 |
_c695 _d695 |
||